|
|
|
|
| LEADER |
00000nas a2200000 a 4500 |
| 001 |
ssj0001096979 |
| 003 |
WaSeSS |
| 005 |
20200512172242.0 |
| 006 |
m d |
| 007 |
cr n |
| 008 |
910221d19892001ilumr p s 0 a0eng c |
| 010 |
|
|
|a sn 91001587
|
| 022 |
|
|
|l 1055-2774
|y 1055-2774
|
| 030 |
|
|
|a SBSDE4
|
| 035 |
|
|
|a (WaSeSS)ssj0001096979
|
| 037 |
|
|
|b Step-by-Step Pub., 6000 N. Forest Park Dr., Peoria, IL 61614-3592
|
| 040 |
|
|
|a NSD
|b eng
|c NSD
|d CAS
|d EYM
|d UMC
|d NSD
|d UMC
|d U9S
|d OCLCQ
|d OCLCF
|d OCLCO
|d CQ$
|d OCLCO
|d GILDS
|d OCLCO
|d OCLCA
|d WaSeSS
|
| 042 |
|
|
|a nsdp
|a pcc
|
| 050 |
|
4 |
|a T385
|b .S74
|
| 082 |
1 |
0 |
|a 621
|2 12
|
| 210 |
0 |
|
|a Step step electron. des.
|
| 222 |
|
0 |
|a Step-by-step electronic design
|
| 245 |
0 |
0 |
|a Step-by-step electronic design
|h [electronic resource].
|
| 246 |
1 |
7 |
|a Electronic design
|
| 260 |
|
|
|a Peoria, IL :
|b Step-by-Step Pub.
|
| 310 |
|
|
|a Monthly
|
| 362 |
1 |
|
|a Began in 1989; ceased with vol. 13, no. 6 (June 2001).
|
| 506 |
|
|
|a License restrictions may limit access.
|
| 588 |
|
|
|a Description based on: Vol. 2, no. 10 (Oct. 1990); title from caption.
|
| 650 |
|
0 |
|a Computer graphics
|v Periodicals.
|
| 650 |
|
6 |
|a Appareils électroniques
|x Conception et construction
|x Périodiques.
|
| 650 |
|
7 |
|a Computer graphics.
|2 fast
|0 (OCoLC)fst00872119
|
| 653 |
|
0 |
|a Computer-aided design
|
| 653 |
|
0 |
|a Design
|
| 655 |
|
0 |
|a Electronic journals.
|
| 785 |
0 |
0 |
|t SBS digital design
|x 1536-1594
|w (DLC) 2001215169
|w (OCoLC)47443253
|
| 850 |
|
|
|a MiU
|
| 856 |
4 |
0 |
|z Full text available from Research Library: 01/01/1998 to 06/30/2001
|u https://search.proquest.com/publication/25614
|